[Event "Arcapita Open"]
[Site "Manama BHN"]
[Date "2009.01.31"]
[Round "7"]
[White "Akshat,Kh"]
[Black "Sharma,Di"]
[Result "1-0"]
[WhiteElo "2306"]
[BlackElo "2394"]

1.d4 Nf6 2.c4 e6 3.Nc3 Bb4 4.f3 d5 5.a3 Bxc3+ 6.bxc3 c5 7.cxd5 Nxd5 8.dxc5 Qa5
9.e4 Ne7 10.Be3 O-O 11.Qb3 Qc7 12.Bb5 f5 13.Nh3 fxe4 14.fxe4 Qe5 15.Nf2 Nf5
16.Bd2 Nh4 17.O-O Qxc5 18.Qb4 Qxb4 19.axb4 Bd7 20.Be2 Nc6 21.Nd3 Rxf1+ 22.Rxf1 b6
23.b5 Na5 24.Ne5 Bc8 25.Bh5 Ng6 26.Nxg6 hxg6 27.Bxg6 Bd7 28.Bf7+ Kh7 29.e5 Bxb5
30.Rf3 g6 31.Bxe6 Re8 32.Rh3+  1-0

[Event "7th Gibtelecom Masters"]
[Site "Caleta ENG"]
[Date "2009.02.04"]
[Round "9"]
[White "Berkes,F"]
[Black "Dzagnidze,N"]
[Result "0-1"]
[WhiteElo "2651"]
[BlackElo "2518"]

1.d4 Nf6 2.c4 e6 3.Nc3 Bb4 4.f3 O-O 5.a3 Bxc3+ 6.bxc3 Nh5 7.Nh3 f5 8.e4 fxe4
9.Be2 e5 10.O-O d6 11.fxe4 Bxh3 12.Bxh5 Be6 13.Rxf8+ Qxf8 14.Ra2 Nd7 15.Rf2 Nf6
16.c5 h6 17.Qf1 Qe7 18.cxd6 cxd6 19.Bg6 Rf8 20.a4 Bf7 21.Bf5 exd4 22.cxd4 Nxe4
23.Rf3 Nf6 24.Re3 Qc7 25.Rg3 Kh8 26.Bd3 Bg8 27.Bd2 Bh7 28.Bc4 Be4 29.a5 d5
30.Be2 Qe7 31.Qe1 Qe6 32.Rb3 Rf7 33.Bf4 Bxg2 34.Kxg2 Qe4+ 35.Rf3 g5 36.Bxg5 hxg5
37.Kf1 Ng4  0-1

[Event "7th Gibtelecom Masters"]
[Site "Caleta ENG"]
[Date "2009.02.05"]
[Round "10"]
[White "Capo Vidal,U"]
[Black "Socko,M"]
[Result "1/2-1/2"]
[WhiteElo "2336"]
[BlackElo "2449"]

1.d4 Nf6 2.c4 e6 3.Nc3 Bb4 4.f3 d5 5.a3 Bxc3+ 6.bxc3 c5 7.e3 O-O 8.cxd5 Nxd5
9.Ne2 Nc6 10.e4 Nb6 11.dxc5 Nd7 12.Nd4 Qa5 13.Nb3 Qxc3+ 14.Bd2 Qf6 15.Bb5 Rd8
16.Rc1 Nf8 17.O-O e5 18.Qc2 Be6 19.Be3 Bxb3 20.Qxb3 Ne6 21.Bxc6 bxc6 22.Qc4 Nd4
23.Rfd1 Rd7 24.Bxd4 Rad8 25.Rd3 Rxd4 26.Rcd1 Qg5 27.Kf1 Rxd3 28.Rxd3 Rxd3
29.Qxd3 Qc1+ 30.Ke2 Qxc5 31.Qd8+ Qf8 32.Qc7 Qxa3 33.Qxc6 Qb2+ 34.Kf1 Qb8
35.g4 h6 36.h4 a5 37.Kg2 Qd8 38.Kg3 Kh7 39.Qb7 Qd2 40.Qa7 h5 41.gxh5 Kh6
42.Qxf7 Qf4+ 43.Qxf4+ exf4+ 44.Kxf4 a4 45.e5 Kh7 46.e6 Kg8 47.Ke5 Kf8 48.Kd4 Ke7
49.Kc4 Kxe6 50.Kb4 Kf5 51.Kxa4 Kf4 52.Kb3 Kxf3 53.Kc2 Kg4 54.h6 gxh6 55.Kd1  1/2-1/2

[Event "I Sonnenfeld Mem"]
[Site "Praca Seca BRA"]
[Date "2009.02.05"]
[Round "6"]
[White "Guerrero,Alv"]
[Black "Perdomo,L"]
[Result "0-1"]
[WhiteElo "2178"]
[BlackElo "2387"]

1.d4 Nf6 2.c4 e6 3.Nc3 Bb4 4.f3 c5 5.d5 b5 6.e4 bxc4 7.Bxc4 Nxd5 8.Bxd5 exd5
9.exd5 Ba6 10.Ne2 O-O 11.Kf2 d6 12.g3 Nd7 13.Qa4 Bc4 14.Rd1 Re8 15.a3 Nb6
16.Qc2 Bxc3 17.Nxc3 Qf6 18.Rb1 Re5 19.Ne4 Qg6 20.Bf4 Rh5 21.g4 Rxd5 22.Bxd6 Rd8
23.Rxd5 Bxd5 24.Bxc5 f5 25.gxf5 Qxf5 26.Qd3 Re8 27.Re1 Bxe4 28.Qb3+ Kh8 29.Bxb6 axb6
30.Qc4 Qxf3+  0-1

[Event "Open A"]
[Site "Moscow RUS"]
[Date "2009.02.06"]
[Round "7"]
[White "Yakovich,Yur"]
[Black "Lysyj,I"]
[Result "1/2-1/2"]
[WhiteElo "2556"]
[BlackElo "2620"]

1.d4 e6 2.c4 Nf6 3.Nc3 Bb4 4.f3 O-O 5.e4 d5 6.cxd5 exd5 7.e5 Nfd7 8.f4 c5
9.a3 Ba5 10.Be3 cxd4 11.Bxd4 Nc6 12.Nf3 Nxd4 13.Nxd4 Nxe5 14.Qd2 Nc4 15.Bxc4 dxc4
16.O-O-O Bg4 17.Rde1 Bb6 18.h3 Bc8 19.Nf3 Bf5 20.Qd5 Bd3 21.Ne5 Qh4 22.Nxd3 cxd3
23.Qxd3 Qxf4+ 24.Kb1 Rad8 25.Rhf1 Qg5 26.Qf3 Bd4 27.Re2 Qg6+ 28.Qf5 Qxf5+
29.Rxf5 g6 30.Rf3 Rfe8 31.Rxe8+ Rxe8 32.Nb5 Re1+ 33.Ka2 Bb6 34.g4 Kg7 35.Nd6 Re7
36.b4 Bd4 37.Kb3 Be5 38.Nc8 Rd7 39.Nxa7 f5 40.gxf5 g5 41.Nb5 Kf6 42.Nc3 Bf4
43.a4 Kxf5 44.a5 h5 45.b5 g4 46.hxg4+ Kxg4 47.Rf1 h4 48.Rg1+ Bg3 49.Ne4 Rd4
50.Nxg3 hxg3 51.a6 bxa6 52.bxa6 Rd8  1/2-1/2

[Event "TCh-NED 2008-9"]
[Site "Netherlands NED"]
[Date "2009.02.07"]
[Round "5"]
[White "Wiersma,E"]
[Black "Swinkels,R"]
[Result "0-1"]
[WhiteElo "2419"]
[BlackElo "2459"]

1.d4 Nf6 2.c4 e6 3.Nc3 Bb4 4.f3 O-O 5.a3 Bxc3+ 6.bxc3 Nh5 7.Nh3 f5 8.e3 d6
9.Bd3 Qh4+ 10.Nf2 Nc6 11.Qc2 e5 12.g3 Qe7 13.O-O Bd7 14.Bd2 Kh8 15.Kg2 Rae8
16.Rae1 Qd8 17.c5 dxc5 18.d5 Ne7 19.c4 Nc8 20.Bc3 Nd6 21.f4 e4 22.Be2 Nf6
23.h3 b5 24.Bxf6 Qxf6 25.cxb5 Nb7 26.Rd1 Rd8 27.Rfe1 Be8 28.g4 g6 29.g5 Qg7
30.Bc4 Rd6 31.Rd2 Bd7 32.Nd1 Rd8 33.Nb2 Be8 34.Red1 h6 35.h4 h5 36.a4 Bf7
37.Ba2 Kh7 38.a5 a6 39.bxa6 Rxa6 40.Nc4 Rda8 41.d6 cxd6 42.Nxd6 Nxd6 43.Rxd6 Rxd6
44.Rxd6 Rxa5 45.Bxf7 Qxf7 46.Kh3 c4 47.Rc6 Qa7 48.Qd2 Ra3 49.Rxc4 Qxe3+ 50.Qxe3 Rxe3+
51.Kg2 Rf3 52.Rc7+ Kg8 53.Rc6 Kg7 54.Rc7+ Kf8 55.Rc6 Kf7 56.Rf6+ Kg7  0-1

[Event "TCh-HUN 2008-9"]
[Site "Budapest HUN"]
[Date "2009.02.08"]
[Round "7"]
[White "Toth,E"]
[Black "Sax,G"]
[Result "1/2-1/2"]
[WhiteElo "2401"]
[BlackElo "2503"]

1.d4 Nf6 2.c4 e6 3.Nc3 Bb4 4.f3 d5 5.a3 Bxc3+ 6.bxc3 O-O 7.cxd5 exd5 8.e3 b6
9.Bd3 Ba6 10.Ne2 Bxd3 11.Qxd3 Qc8 12.Ra2 Qa6  1/2-1/2

[Event "FSIM February"]
[Site "Budapest HUN"]
[Date "2009.02.11"]
[Round "5"]
[White "Simonyi,Z"]
[Black "Toth,Li"]
[Result "1-0"]
[WhiteElo "2226"]
[BlackElo "2190"]

1.d4 Nf6 2.c4 e6 3.Nc3 Bb4 4.f3 c5 5.d5 d6 6.e4 e5 7.Ne2 a6 8.g4 Nbd7 9.Ng3 g6
10.Bh6 Qa5 11.Qd2 Kd8 12.Rc1 Ne8 13.h4 b5 14.h5 Bxc3 15.bxc3 Kc7 16.Be3 Rf8
17.Be2 Nb6 18.hxg6 hxg6 19.Bg5 f6 20.Rh7+ Bd7 21.Be3 Kc8 22.Kf2 Na4 23.Kg2 Rb8
24.Bf2 g5 25.Qe1 Rg8 26.Qh1 Rg7 27.Rh8 Qd8 28.Qh5 Qe7 29.Nf5  1-0

[Event "Bundesliga 2008-9"]
[Site "Tegernsee GER"]
[Date "2009.03.01"]
[Round "13"]
[White "Khenkin,I"]
[Black "Postny,E"]
[Result "1/2-1/2"]
[WhiteElo "2647"]
[BlackElo "2674"]

1.d4 Nf6 2.c4 e6 3.Nc3 Bb4 4.f3 c5 5.d5 O-O 6.e4 d6 7.Ne2 b5 8.Ng3 bxc4 9.Bxc4 Bxc3+
10.bxc3 Qa5 11.Ne2  1/2-1/2

[Event "10th EICC w"]
[Site "St Petersburg RUS"]
[Date "2009.03.13"]
[Round "6"]
[White "Kushka,A"]
[Black "Hairapetian,A"]
[Result "1/2-1/2"]
[WhiteElo "2124"]
[BlackElo "2177"]

1.d4 Nf6 2.c4 e6 3.Nc3 Bb4 4.f3 c5 5.d5 Nh5 6.g3 O-O 7.e4 f5 8.f4 Nf6 9.e5 Ne4
10.Bd2 Bxc3 11.Bxc3 d6 12.Nf3 dxe5 13.Nxe5 b5  1/2-1/2

[Event "TCh-FIN"]
[Site "Finland FIN"]
[Date "2009.03.14"]
[Round "8"]
[White "Sisatto,O"]
[Black "Kokkila,T"]
[Result "1/2-1/2"]
[WhiteElo "2273"]
[BlackElo "2332"]

1.d4 e6 2.c4 Nf6 3.Nc3 Bb4 4.f3 d5 5.a3 Bxc3+ 6.bxc3 c5 7.cxd5 Nxd5 8.dxc5 f5
9.Nh3 O-O 10.c4 Nf6 11.Qxd8 Rxd8 12.Nf2 Na6 13.Nd3 Nd7 14.Be3 e5 15.c6 bxc6
16.g3 Re8 17.Bg2 Nc7 18.Kf2 e4 19.Nb4 Ne5 20.Bf4 c5 21.Bxe5 Rxe5 22.Nc2 Bb7
23.f4 Re7 24.Ne3 g6 25.g4 fxg4 26.Nxg4 Rf8 27.Kg3 Ne6 28.e3 Ng7 29.Nh6+ Kh8
30.h4 Nh5+ 31.Kf2 Nxf4 32.exf4 e3+ 33.Kg3 Bxg2 34.Kxg2 Rxf4 35.Kg3 Rxc4 36.Rhc1 Rxc1
37.Rxc1 e2 38.Kf2 Kg7 39.Ng4 Re4 40.Ne3 Rxh4 41.Rxc5 Ra4 42.Rc3 h5 43.Kxe2 Kf6
44.Kf3 Ke5 45.Rd3 Rf4+ 46.Ke2 Ra4 47.Kf3 Rf4+ 48.Ke2 h4 49.Rd5+ Ke6 50.Ra5 h3
51.Ra6+ Ke5 52.Rxg6 Rh4 53.Rg1 h2 54.Rh1 Rh3 55.Kf2 Ke4 56.Nf1  1/2-1/2

[Event "10th EICC"]
[Site "Budva MNE"]
[Date "2009.03.15"]
[Round "9"]
[White "Cebalo,M"]
[Black "Marinkovic,Sl"]
[Result "1/2-1/2"]
[WhiteElo "2509"]
[BlackElo "2388"]

1.d4 e6 2.c4 Nf6 3.Nc3 Bb4 4.f3 d5 5.a3 Bxc3+ 6.bxc3 c5 7.cxd5 Nxd5 8.dxc5 Qa5
9.e4 Ne7 10.Be3 O-O 11.Qb3 Qc7 12.Bb5 Nec6 13.Ne2 e5 14.O-O Na5 15.Qb4 Be6
16.Rfd1 Bb3 17.Rd6 Nbc6 18.Bxc6 bxc6 19.c4 Rab8 20.Qc3 Nxc4 21.Rb1 Ba2 22.Rxb8 Rxb8
23.Nc1 Nxd6 24.cxd6 Qxd6 25.Nxa2 Qd1+ 26.Kf2 Qb3 27.Qxb3 Rxb3 28.Nb4 Rxa3
29.Nxc6 Ra2+ 30.Kg3 a5 31.Nxe5 a4 32.Bc5 a3 33.Nc4 Rc2 34.Bxa3 Rxc4 35.h4  1/2-1/2

[Event "Copa Ajedrez Plus"]
[Site "Ramos Mejia ARG"]
[Date "2009.03.15"]
[Round "2"]
[White "Guerrero,Alv"]
[Black "Rodriguez Vila,A"]
[Result "1-0"]
[WhiteElo "2178"]
[BlackElo "2524"]

1.d4 e6 2.c4 Nf6 3.Nc3 Bb4 4.f3 Nh5 5.Nh3 f5 6.a3 Be7 7.e4 O-O 8.e5 f4 9.Bd3 Bh4+
10.Kf1 d6 11.Qe2 g6 12.Qe4 dxe5 13.dxe5 Nd7 14.Bc2 Nc5 15.Qe2 a5 16.Bd2 a4
17.Rd1 Bd7 18.Ne4 Be7 19.Nef2 Nb3 20.Bc3 Rf7 21.Ng4 Kh8 22.Nf6 Bxf6 23.exf6 h6
24.Qd3 e5 25.g4 fxg3 26.hxg3 Qg8 27.Bxe5 Re8 28.Qc3 Be6 29.Ng5 Bxc4+ 30.Kf2 Be6
31.Nxf7+ Qxf7 32.Bxg6 Qxg6 33.f7+ Kh7 34.fxe8=Q  1-0

[Event "10th EICC"]
[Site "Budva MNE"]
[Date "2009.03.16"]
[Round "10"]
[White "Khenkin,I"]
[Black "Djukic,Ni"]
[Result "1-0"]
[WhiteElo "2644"]
[BlackElo "2500"]

1.d4 Nf6 2.c4 e6 3.Nc3 Bb4 4.f3 d5 5.a3 Bxc3+ 6.bxc3 c5 7.cxd5 Nxd5 8.dxc5 Qa5
9.e4 Ne7 10.Be3 O-O 11.Qb3 Qc7 12.Nh3 e5 13.Nf2 Nec6 14.Rb1 Na5 15.Qa4 Bd7
16.Bb5 Be6 17.O-O a6 18.Be2 Nd7 19.Qb4 Rfc8 20.Rfd1 Rab8 21.Nd3 Ba2 22.Rbc1 Nc4
23.Bf2 Qc6 24.a4 a5 25.Qb5 Qxb5 26.axb5 Bb3 27.Re1 Na3 28.c4 Nc2 29.Red1 Nd4
30.Rd2 Ne6 31.Bd1 Bxd1 32.Rcxd1 f6 33.Ra2 Ndxc5 34.Nxc5 Nxc5 35.Rxa5 Ne6
36.Ra4 Rd8 37.Raa1 Rxd1+ 38.Rxd1 Rc8 39.Rc1 Nf4 40.Rc2 Nd3 41.Be3 Nb4 42.Rc3 Na2
43.Ra3 Nb4 44.Rc3 Na2 45.Rd3 Nb4 46.Rd7 Rxc4 47.Rxb7 Rc3 48.Kf2 Rc2+ 49.Kg3 Re2
50.Bf2 Nd3 51.Rd7 Nxf2 52.b6 Nh1+ 53.Kh3 Nf2+ 54.Kg3 Nh1+ 55.Kh3 Nf2+ 56.Kh4 Rb2
57.b7 Nd3 58.Rd8+ Kf7 59.b8=Q Rxb8 60.Rxb8 Nf4 61.Rb7+ Kg6 62.Kg3 h5 63.h4 Ne6
64.Kf2 Nd4 65.g3 Kh6 66.Rd7 Ne6 67.Ke3 Kh7 68.Re7 Nf8 69.Kd3 Kh6 70.Re8 Nh7
71.Kc4 Kg6 72.Rh8  1-0

[Event "Copa Ajedrez Plus"]
[Site "Ramos Mejia ARG"]
[Date "2009.03.18"]
[Round "6"]
[White "Guerrero,Alv"]
[Black "Ginzburg,Ma"]
[Result "1-0"]
[WhiteElo "2178"]
[BlackElo "2455"]

1.d4 Nf6 2.c4 e6 3.Nc3 Bb4 4.f3 d5 5.a3 Bxc3+ 6.bxc3 c5 7.cxd5 exd5 8.e3 O-O
9.Bd3 Nh5 10.Ne2 Qh4+ 11.g3 Qh3 12.Kf2 Nf6 13.Nf4 Qd7 14.g4 g6 15.h4 c4 16.Bb1 Nc6
17.Ra2 Nd8 18.g5 Ne8 19.a4 Ne6 20.Ba3 Nxf4 21.exf4 Ng7 22.Bxf8 Kxf8 23.Qe1 Qc7
24.Qe5 Qxe5 25.dxe5 b6 26.Rd1 Bb7 27.Rb2 Bc6 28.Bc2 Ke7 29.a5 b5 30.Ke3 a6
31.Bb1 Rh8 32.Rbd2 h6 33.h5 hxg5 34.hxg6 gxf4+ 35.Kxf4 fxg6 36.Bxg6 Ke6 37.Kg5 Rh3
38.Kg4 Rh6 39.Be4 Kxe5 40.Bxd5 Rg6+ 41.Kh3 Bd7+ 42.Kh2 Rh6+ 43.Kg2 Nf5 44.Re1+ Kf6
45.Be4  1-0

[Event "3rd Georgi Agzamov Mem"]
[Site "Tashkent AZE"]
[Date "2009.03.18"]
[Round "3"]
[White "Volkov,Sergey1"]
[Black "Ismagambetov,An"]
[Result "1-0"]
[WhiteElo "2627"]
[BlackElo "2523"]

1.d4 Nf6 2.c4 e6 3.Nc3 Bb4 4.f3 d5 5.a3 Be7 6.e4 dxe4 7.fxe4 e5 8.d5 Bc5
9.Nf3 Bg4 10.h3 Bxf3 11.Qxf3 Nbd7 12.Bd3 O-O 13.Bg5 Bd4 14.Bc2 c6 15.Rf1 Rc8
16.Rd1 Qb6 17.b4 Qa6 18.dxc6 bxc6 19.c5 Qxa3 20.Nd5 Qb2 21.Ne7+ Kh8 22.Nxc8 Qxb4+
23.Bd2 Qxc5 24.Ba4 Rxc8 25.g4 Qc4 26.Bb3 Qb5 27.Bc2 Rf8 28.Rb1 Qa6 29.g5 Ne8
30.h4 Nd6 31.h5 Qa2 32.Bd3 c5 33.Rc1 Qe6 34.Bb1 Rb8 35.g6 fxg6 36.h6 Kg8
37.Qa3 Bb2 38.Ba2 c4 39.Qxa7 Bxc1 40.Bxc1 Rc8 41.Ba3 Nb5 42.Qb7 Qc6 43.Rf8+ Rxf8
44.Qxc6 Nxa3 45.Qxd7  1-0

[Event "Open A"]
[Site "Zagreb CRO"]
[Date "2009.03.26"]
[Round "6"]
[White "Cebalo,M"]
[Black "Brkic,A"]
[Result "0-1"]
[WhiteElo "2509"]
[BlackElo "2550"]

1.d4 e6 2.c4 Nf6 3.Nc3 Bb4 4.f3 O-O 5.a3 Bxc3+ 6.bxc3 Nh5 7.Nh3 f5 8.c5 b6
9.cxb6 axb6 10.e3 d6 11.Nf2 Ba6 12.Bxa6 Rxa6 13.c4 Qe8 14.O-O Qc6 15.Qb3 Ra4
16.c5 dxc5 17.dxc5 bxc5 18.Bb2 Nd7 19.Rac1 Nhf6 20.Qc3 Rb8 21.Rfd1 Qb5 22.Rc2 Qb3
23.Qxb3 Rxb3 24.e4 c4 25.exf5 exf5 26.g4 h6 27.Kg2 c3 28.Bxc3 Rc4 29.Rd3 Nc5
30.Rd8+ Kh7 31.Nd1 fxg4 32.fxg4 Na4 33.Rd4 Nxc3 34.Rxc4 Nxd1 35.Kg1 Nd5 36.Rd4 N1c3
37.a4 Ra3 38.Kf2 Rxa4 39.Rxa4 Nxa4 40.Rc6 Kg8 41.h4 Kf7 42.Kf3 Nac3 43.h5 Nb5
44.Rc5 c6 45.g5 hxg5 46.Rc4 Nf6 47.Ke3 Nd6 48.Rc5 Nxh5 49.Rxg5 Nf6 50.Kd4 Nde4
51.Rg1 g6 52.Ke5 c5 53.Ra1 Kg7 54.Rh1 c4 55.Ra1 c3 56.Kf4 Kf7 57.Ke5 Ke7
58.Ra7+ Kd8 59.Kd4 g5 60.Kd3 Ke8 61.Rg7 g4 62.Ra7 Kf8 63.Rc7 g3 64.Ra7 Nf2+
65.Ke2 Nd5 66.Kf3 Ke8 67.Ra1 Nd3 68.Kxg3 c2 69.Kf3 Nc3 70.Ke3 Nb1 71.Kd4  0-1

[Event "ITT Proyeccion U20"]
[Site "Buenos Aires ARG"]
[Date "2009.03.27"]
[Round "3"]
[White "Guerrero,Alv"]
[Black "Contin,D"]
[Result "1-0"]
[WhiteElo "2178"]
[BlackElo "2321"]

1.d4 Nf6 2.c4 e6 3.Nc3 Bb4 4.f3 c5 5.d5 Bxc3+ 6.bxc3 e5 7.Nh3 d6 8.Nf2 Nbd7
9.e4 Nf8 10.Bd3 Bd7 11.Bd2 h6 12.O-O g5 13.g3 Ng6 14.Rb1 Rb8 15.a4 a5 16.Bc2 b6
17.Qe2 Qe7 18.Rb2 Kd8 19.Ng4 Nxg4 20.fxg4 Kc7 21.Bd1 f6 22.Bc1 Rhf8 23.Qd3 Rf7
24.Be3 Qe8 25.Rbf2 Qh8 26.Qb1 Ne7 27.Rb2 Qd8 28.Rbf2 Ng8 29.Ra2 Rg7 30.Kf2 Qc8
31.h3 h5 32.gxh5 Bxh3 33.Rh1 Nh6 34.Ke1 Bd7 35.Rf2 Rf7 36.Bc1 Qa6 37.Qd3 Rbf8
38.Qf1 Qc8 39.Qg2 Rg8 40.Qf1 Qf8 41.Qg2 Qe8 42.Ra2 Qc8 43.Rf2 Kb7 44.Qf1 Rgf8
45.Qg2 Ka7 46.Rb2 Bg4 47.Qc2 Rh8 48.Qb3 Rb7 49.Rf2 Bxd1 50.Qxd1 Qg4 51.Qd3 Rf7
52.Qf3 Rfh7 53.Ke2 Qd7 54.Kd3 Qxa4 55.Rb2 Qd7 56.Qxf6 Qg4 57.Qxd6 Qf3+ 58.Be3 Rb7
59.Ra1 Rhh7 60.Rxa5+ bxa5 61.Qxc5+ Kb8 62.Qa7+ Kc8 63.Qa8+  1-0

[Event "16th TCh-RUS Premier"]
[Site "Dagomys RUS"]
[Date "2009.04.04"]
[Round "1"]
[White "Volkov,Sergey1"]
[Black "Lanin,A"]
[Result "1-0"]
[WhiteElo "2594"]
[BlackElo "2457"]

1.d4 Nf6 2.c4 e6 3.Nc3 Bb4 4.f3 O-O 5.a3 Bxc3+ 6.bxc3 Ne8 7.e4 b6 8.Bd3 Ba6
9.Nh3 Nc6 10.O-O Na5 11.Qe2 c5 12.e5 f6 13.Ra2 Rc8 14.Rc2 Qe7 15.Rd1 d6 16.exf6 Nxf6
17.Ng5 Rce8 18.Re1 Bc8 19.Qd1 Qc7 20.Rce2 e5 21.dxe5 dxe5 22.Qc2 h6 23.Ne4 Nxe4
24.Bxe4 Kh8 25.Bd5 Bf5 26.Qa2 Nc6 27.Bf4 Bd3 28.Re3 Rxf4 29.Rxd3 Nb8 30.Qd2 Rff8
31.Be4 Qf7 32.Rd5 Re7 33.Rd1 Qe6 34.Rd6 Qxc4 35.Rxh6+  1-0

[Event "Open"]
[Site "Las Palmas ESP"]
[Date "2009.04.06"]
[Round "2"]
[White "Rodriguez Ferraz,B"]
[Black "Bregadze,L"]
[Result "0-1"]
[WhiteElo "1966"]
[BlackElo "2420"]

1.d4 Nf6 2.c4 e6 3.Nc3 Bb4 4.f3 d5 5.a3 Bxc3+ 6.bxc3 O-O 7.Nh3 c5 8.cxd5 exd5
9.Nf2 Nc6 10.Bf4 cxd4 11.cxd4 Re8 12.Qd2 Qb6 13.Rd1 Bd7 14.e3 Nh5 15.Bg5 h6
16.Bh4 g5 17.g4 Nf4 18.Bg3 Nxd4 19.Qxd4 Rxe3+ 20.Be2 Rxe2+ 21.Kf1 Qxd4 22.Rxd4 Bb5
23.a4 Rd2+  0-1

[Event "16th TCh-RUS Premier"]
[Site "Dagomys RUS"]
[Date "2009.04.07"]
[Round "4"]
[White "Timofeev,Arty"]
[Black "Tomashevsky,E"]
[Result "1/2-1/2"]
[WhiteElo "2677"]
[BlackElo "2684"]

1.d4 Nf6 2.c4 e6 3.Nc3 Bb4 4.f3 d5 5.a3 Be7 6.e4 c5 7.cxd5 exd5 8.e5 Nfd7
9.Nxd5 cxd4 10.Nxe7 Qxe7 11.f4 Nc6 12.Nf3 O-O 13.b4 a5 14.b5 Ncxe5 15.fxe5 Nxe5
16.Kf2 d3 17.h3 Nxf3 18.gxf3 Qh4+ 19.Kg2 Bf5 20.Ra2 Rac8 21.Rf2 Rfe8 22.Rh2 Qc4
23.Bd2 Qxb5 24.h4 h5 25.Kg1 Rc6 26.Rhg2 Rg6 27.Rxg6 fxg6 28.Bg5 Re6 29.Qd2 Kh7
30.Kg2 Qd5 31.Qa2 Qd7 32.Kg3 b5 33.Bf4 Rc6 34.Qa1 Rc5 35.Qe1 Rc4 36.Qe5 b4
37.axb4 axb4 38.Rb2 Qa7 39.Qe3 Qa1 40.Rf2 b3 41.Be5 Qa5 42.Bxg7 Kxg7 43.Qe7+ Kg8
44.Qe8+ Kg7 45.Qe7+  1/2-1/2

[Event "11th European Senior Team"]
[Site "Velden AUT"]
[Date "2009.04.08"]
[Round "4"]
[White "Aaltio,E"]
[Black "Hallerod,R"]
[Result "1/2-1/2"]
[WhiteElo "2100"]
[BlackElo "2081"]

1.d4 Nf6 2.c4 e6 3.Nc3 Bb4 4.f3 d5 5.a3 Bxc3+ 6.bxc3 b6 7.cxd5 exd5 8.e3 O-O
9.Bd3 c5 10.Ne2 Ba6 11.O-O Bxd3 12.Qxd3 cxd4 13.exd4 Qc7 14.Bg5 Nbd7 15.Ng3 Rac8
16.Rac1 Rfe8 17.Nf5 Re6 18.Qd2 Nf8 19.Rfe1 Qd7 20.g4 Rce8 21.Bh4 Ng6 22.Bg3 Rxe1+
23.Rxe1 Re6 24.Rxe6 Qxe6 25.Qe3 h5 26.h3 hxg4 27.hxg4 Ne8 28.Kf2 b5 29.Qg5 Kf8
30.Qd8 f6 31.Nd6 Qe7 32.Qa8 Qe6 33.Nxe8 Qxe8 34.Qxd5 Qc8 35.Bd6+ Ne7 36.Bc5 Qc7
37.Qe6 Qh2+ 38.Ke1 Qh4+ 39.Kd2 Qh2+ 40.Qe2 Qxe2+ 41.Kxe2 Kf7 42.Bxa7 Ke6
43.Bc5 Nd5 44.Kd3 Nf4+ 45.Ke4 Nd5 46.Bb4 g6 47.f4 f5+ 48.Kf3 Nf6 49.gxf5+ gxf5
50.Ke3 Nd5+ 51.Kf3 Nb6 52.Ke3 Nd5+ 53.Kf3 Nb6  1/2-1/2

[Event "11th European Senior Team"]
[Site "Velden AUT"]
[Date "2009.04.10"]
[Round "6"]
[White "Toefferl,H"]
[Black "Siegmund,R"]
[Result "0-1"]
[WhiteElo "2097"]
[BlackElo "2140"]

1.d4 Nf6 2.c4 e6 3.Nc3 Bb4 4.f3 d5 5.a3 Bxc3+ 6.bxc3 c5 7.e3 O-O 8.Nh3 Nc6
9.Nf2 b6 10.cxd5 exd5 11.Bd3 Re8 12.O-O cxd4 13.cxd4 Bb7 14.Re1 Na5 15.Ra2 Rc8
16.Bb1 Nc4 17.e4 Nd7 18.e5 Nf8 19.f4 b5 20.f5 Qb6 21.Qg4 Kh8 22.Rd1 a5 23.Kh1 b4
24.axb4 axb4 25.Nd3 Ra8 26.Rf2 Bc8 27.Qh4 Na3 28.Bg5 Nxb1 29.Rxb1 b3 30.e6 fxe6
31.f6 Ng6 32.fxg7+ Kg8 33.Qh5 Qxd4 34.Rbf1 Ba6 35.Bh6 Bxd3 36.Qf3 Bf5 37.Rd1 Ra1
38.Bc1 Qxg7 39.Qxb3 Rc8 40.Bb2 Rxd1+ 41.Qxd1 Qd7 42.h4 Rc4 43.h5 Rh4+ 44.Kg1 Qd6
45.Rxf5 exf5 46.hxg6 Qc5+  0-1

[Event "11th European Senior Team"]
[Site "Velden AUT"]
[Date "2009.04.13"]
[Round "9"]
[White "Nyberg,U"]
[Black "Taksrud,V"]
[Result "1-0"]
[WhiteElo "2142"]
[BlackElo "2191"]

1.d4 Nf6 2.c4 e6 3.Nc3 Bb4 4.f3 c5 5.d5 b5 6.e4 bxc4 7.Bxc4 Bb7 8.Ne2 Nxd5
9.Bxd5 exd5 10.exd5 Qh4+ 11.g3 Bxc3+ 12.Nxc3 Qd4 13.Qe2+ Kd8 14.Be3 Qb4 15.O-O-O Na6
16.Rhe1 Re8 17.Bg5+ Kc7 18.Qxe8 Rxe8 19.Rxe8 f5 20.Bd8+ Kd6 21.Be7+ Kc7 22.Bd8+ Kd6
23.a4 Qc4 24.Kb1 Bxd5 25.Rxd5+ Kc6 26.Be7 Qf1+ 27.Rd1 Qxf3 28.Rd6+ Kb7 29.Rd8 Nb8
30.Rd1 Qe3 31.Bd6 Nc6 32.Bf4 Qf3 33.R8xd7+ Kb6 34.Rxg7 Nd4 35.Rxh7 Ka5 36.Bd6 Kb4
37.Rxd4+ Kb3 38.Bxc5 Qh1+ 39.Rd1 Qg2 40.Ba3 f4 41.Rh4 a5 42.Rh5 Qc2+ 43.Ka1 f3
44.Rb5+ Kc4 45.b3+  1-0

[Event "TCh-HUN 2008-9"]
[Site "Budapest HUN"]
[Date "2009.04.18"]
[Round "11"]
[White "Toth,E"]
[Black "Papp,Ga"]
[Result "0-1"]
[WhiteElo "2401"]
[BlackElo "2509"]

1.d4 Nf6 2.c4 e6 3.Nc3 Bb4 4.f3 O-O 5.a3 Bxc3+ 6.bxc3 Nh5 7.Nh3 f5 8.e3 d6
9.Bd3 Qh4+ 10.Nf2 e5 11.g3 Qe7 12.O-O c5 13.d5 g6 14.Ra2 Nd7 15.e4 f4 16.g4 Ng7
17.Bd2 h5 18.Be1 Kf7 19.h3 Rh8 20.Nh1 g5 21.Rff2 Nf8 22.Rab2 Ng6 23.Rg2 Ne8
24.Rh2 Nf6 25.Qb1 b6 26.a4 Bd7 27.a5 bxa5 28.Rb7 Rh6 29.Rb8 Rxb8 30.Qxb8 hxg4
31.hxg4 Rxh2 32.Kxh2 Qf8 33.Qxa7 Qh6+ 34.Kg1 Qh3 35.Be2 Nh4 36.Bxh4 Qxh4
37.Nf2 a4 38.Bd1 Kg6 39.Qa6 Bxg4 40.Nxg4 Qe1+ 41.Kg2 Qxd1 42.Qxd6 Qe2+ 43.Nf2 g4
44.fxg4 Qe3 45.g5 f3+  0-1

[Event "TCh-NED 2008-9"]
[Site "Netherlands NED"]
[Date "2009.04.18"]
[Round "8"]
[White "De Jong,JW"]
[Black "Levin,F"]
[Result "0-1"]
[WhiteElo "2479"]
[BlackElo "2564"]

1.d4 Nf6 2.c4 e6 3.Nc3 Bb4 4.f3 O-O 5.a3 Bxc3+ 6.bxc3 Ne8 7.e4 c5 8.Bd3 b6
9.Nh3 Nc6 10.O-O Ba6 11.e5 f5 12.exf6 Nxf6 13.Re1 Na5 14.d5 exd5 15.cxd5 Bxd3
16.Qxd3 c4 17.Qf5 Nb3 18.Rb1 Nxc1 19.Rbxc1 Qc7 20.g4 Qc5+ 21.Kg2 Nxd5 22.Qe5 Qc6
23.Kg3 Nc7 24.Qe4 d5 25.Qe3 Rae8 26.Qf2 Ne6  0-1

[Event "K41 Scandinavian Open"]
[Site "Copenhagen DEN"]
[Date "2009.04.26"]
[Round "11"]
[White "Sisatto,O"]
[Black "Brynell,S"]
[Result "1/2-1/2"]
[WhiteElo "2286"]
[BlackElo "2463"]

1.d4 e6 2.c4 Nf6 3.Nc3 Bb4 4.f3 d5 5.a3 Bxc3+ 6.bxc3 c5 7.cxd5 exd5 8.e3 Qc7
9.Ra2 Bf5 10.Ne2 cxd4 11.Nxd4 Qxc3+ 12.Bd2 Qc8 13.Bb5+ Nc6 14.Bb4 Bd7 15.Rc2 Qc7
16.Qc1 a5 17.Nxc6 axb4 18.Nxb4 Qb6 19.Bxd7+ Kxd7 20.Kf2 Rhc8 21.Rd1 Rxc2+
22.Qxc2 Ra5 23.Rc1 Rxa3 24.Qc8+ Kd6 25.Qb8+ Kd7 26.Qc8+ Kd6 27.Qb8+ Kd7  1/2-1/2

[Event "NK Jeugd A"]
[Site "Venlo NED"]
[Date "2009.05.01"]
[Round "8"]
[White "Goudriaan,E"]
[Black "Nicolai,Am"]
[Result "1-0"]
[WhiteElo "2104"]
[BlackElo "1825"]

1.d4 Nf6 2.c4 e6 3.Nc3 Bb4 4.f3 d5 5.a3 Bxc3+ 6.bxc3 O-O 7.e3 b6 8.cxd5 exd5
9.Bd3 Re8 10.Ne2 c5 11.O-O Ba6 12.Ng3 Bxd3 13.Qxd3 Nc6 14.Bb2 Na5 15.Rae1 cxd4
16.cxd4 Rc8 17.e4 Rc6 18.e5 Nd7 19.f4 Nc4 20.Bc1 f6 21.Qf5 Nf8 22.exf6 Rxe1
23.f7+ Kh8 24.Rxe1 Rf6 25.Re8 Qd6 26.Qxf6 gxf6 27.Nf5 Qd7 28.Rxf8+  1-0

[Event "IV Tch-ESP Selecciones Autonomicas"]
[Site "Villava ESP"]
[Date "2009.05.01"]
[Round "3"]
[White "Sesma Rubio,P"]
[Black "Mascaro March,P"]
[Result "0-1"]
[WhiteElo "2080"]
[BlackElo "2367"]

1.d4 Nf6 2.c4 e6 3.Nc3 Bb4 4.f3 d5 5.a3 Bxc3+ 6.bxc3 c5 7.cxd5 exd5 8.e3 Qc7
9.Bd2 Bf5 10.Ne2 h5 11.c4 dxc4 12.e4 Bd7 13.d5 Bb5 14.Bc3 Nbd7 15.d6 Qc6
16.Nf4 O-O-O 17.a4 Ba6 18.g3 Rhe8 19.Kf2 g5 20.Nd5 Nxd5 21.Qxd5 Qxd5 22.exd5 Nb6
23.Bh3+ Kb8 24.Rae1 Rxe1 25.Rxe1 Nxd5 26.Be5 f6 27.Rd1 fxe5 28.Rxd5 b6 29.d7 c3
30.Bf5 Bb7 31.Rxe5 Bc6 32.a5 Bxd7 33.axb6 Bxf5 34.bxa7+ Kxa7 35.Rxf5 Kb6  0-1

[Event "8th Open"]
[Site "Semriach AUT"]
[Date "2009.05.03"]
[Round "4"]
[White "Nussbaumer,Joh"]
[Black "Kragelj,I"]
[Result "1/2-1/2"]
[WhiteElo "2042"]
[BlackElo "2232"]

1.d4 Nf6 2.c4 e6 3.Nc3 Bb4 4.f3 d5 5.a3 Bxc3+ 6.bxc3 c5 7.cxd5 Nxd5 8.Qd3 b6
9.e4 Ba6 10.Qd2 Bxf1 11.Kxf1 Ne7 12.dxc5 Nd7 13.cxb6 axb6 14.Ne2 O-O 15.Kf2 Qc7
16.Rd1 Nc5 17.Qd6 Qa7 18.Rb1 Nc8 19.Qc6 Qa6 20.Qb5  1/2-1/2

[Event "XXVIII Open"]
[Site "Zalakaros HUN"]
[Date "2009.05.09"]
[Round "2"]
[White "Brustkern,J"]
[Black "Cao,S"]
[Result "0-1"]
[WhiteElo "2292"]
[BlackElo "2512"]

1.d4 e6 2.c4 Nf6 3.Nc3 Bb4 4.f3 c5 5.d5 b5 6.e4 bxc4 7.Bxc4 Nxd5 8.Bxd5 exd5
9.Qxd5 Nc6 10.Ne2 Ba6 11.Kf2 O-O 12.Rd1 Re8 13.Bf4 Qb6 14.Qxd7 Bxc3 15.bxc3 Bxe2
16.Kxe2 Rad8 17.Qc7 Qb2+ 18.Kf1 Rc8 19.Qd7 Qxc3 20.Rac1 Qa5 21.Rd5 Qa6+ 22.Kf2 Rcd8
23.Qc7 Rxd5 24.exd5 Qxa2+ 25.Kg3 Qxd5 26.Qd6 Qxd6 27.Bxd6 Na5 28.Bxc5 Nb3
29.Rc3 Nxc5 30.Rxc5 Kf8 31.Kf4 a6 32.h4 Rb8 33.Rc7 Rb4+ 34.Kg3 g6 35.Ra7 Ra4
36.Kh3 h5 37.Kg3 Kg7 38.Kh3 Kf6 39.Rb7 Ke6 40.Rb6+ Ke5 41.Rb7 Rf4 42.Rd7 Rf6
43.Kg3 Ke6 44.Rd4 Rf5 45.Rd8 a5 46.Kf2 Rd5 47.Ra8 Rd2+ 48.Ke3 Ra2 49.Kf4 Kf6
50.Ra6+ Kg7 51.Ra7 a4 52.Ke5 a3 53.Kf4 Ra1 54.Kg5 Ra2 55.Kf4 Kf6 56.Ra6+ Ke7
57.g3 Kf8 58.Kg5 Kg7 59.Ra7 Ra1 60.Kf4 a2 61.Ra6 Kf8 62.Ra7 Ke8 63.Ra6 Ke7
64.Ra8 Kd6 65.Ra6+ Kd5 66.Ra5+ Kc4 67.Ra8 Kd3 68.Ra3+ Ke2 69.Re3+ Kf2 70.Ra3 Kg2
71.Ra7 Kh3 72.Ra3 f6 73.Ra5 Rg1 74.Rxa2 Rxg3 75.Ra6 Kxh4 76.Rxf6 g5+ 77.Ke3 Kh3  0-1